000 01502nam0a2200397 4500
001 RU\NLR\bibl\1772450
005 20260406000530.0
010 _a978-5-397-01947-7
021 _aRU
_b2011-32304
_92300
035 _a(nilc)RSL-KNO-004938306
035 _a(NLR Aleph) 001763231
090 _a1591538
_c1591538
100 _a20110510d2011 |||y0rusy50 ca
101 0 _arus
102 _aRU
105 _ay |||||||||
200 1 _aОчерки физиологии духа
_eопыт объективной трактовки душевных явлений
_fЮ.А. Васильев
205 _aИзд. 2-е
210 _aМосква
_cURSS
_cЛИБРОКОМ
_d2011
215 _a[3], 8-129 с.
_d22
225 1 _aИз наследия мировой психологии
320 _aБиблиогр. в тексте
606 1 _aУсловные рефлексы как основа психической деятельности
_91613341
_3RU\NLR\auth\661009533
606 1 _aПсихические состояния
_91738624
_3RU\NLR\auth\661073820
686 _aЮ932.1-214,0
_2rubbk
686 _aЕ994в,0
_2rubbk
686 _aЮ933
686 _aЮ935
700 1 _4070
_7ca
_8rus
_aВасильев
_bЮ. А.
_cпсихолог
_gЮрий Аркадьевич
_993022
_3RU\NLR\auth\77110097
801 0 _aRU
_bRuMoRKP
_c20110510
_grcr
801 1 _aRU
_bРГБ
_c20110510
801 2 _aRU
_bNLR
_c20110523
_grcr
942 _cBOOK
980 _aNB
980 _aNBR